Generator Dash #22 - Statistics

General Stats
  • This quiz has been taken 110 times
  • The average score is 6 of 11
Answer Stats
Hint Answer % Correct
Part of the face (5) Mouth
89%
Gut, belly (7) Stomach
86%
Doubting apostle (6) Thomas
83%
Team symbol (6) Mascot
75%
Entertain, make smile (5) Amuse
64%
Usual practice, habit (6) Custom
51%
Middle Eastern capital (6) Muscat
45%
Abyss, gorge (5) Chasm
41%
9-Letter Word MOUSTACHE
40%
The Stranger author (5) Camus
36%
Party dress (7) Costume
35%
No matching quizzes found
Score Distribution
Percent of People with Each Score
Percentile by Number Answered
Your Score History
You have not taken this quiz